| 000 | 01015nas a2200313 4500 | ||
|---|---|---|---|
| 001 | BR0700795 | ||
| 003 | BR-BrBNA | ||
| 005 | 20231205110551.0 | ||
| 007 | ta | ||
| 008 | 230509b bl.|||p| |||| 00| 00por d | ||
| 040 |
_aBR-BrBNA _bpor _cBiblioteca Nacional de Agricultura |
||
| 041 | _a(Pt) | ||
| 072 | _aQ03 | ||
| 100 | 1 | _aLamaita, H.C. | |
| 100 | 1 | _aCerqueira, M.m.O.P. | |
| 100 | 1 | _aCarmo, L.S. | |
| 100 | 1 | _aSantos, D.A. | |
| 100 | 1 | _aPenna, C.F.A.M. | |
| 100 | 1 | _aSouza, M.R. | |
| 245 | 1 | _aContagem de Staphylococcus sp. e detecção de enterotoxinas estafilocócicas e toxina da síndrome do choque tóxico em amostras de leite cru refrigerado | |
| 650 | _aLEITE | ||
| 650 | _aBACTÉRIA | ||
| 650 | _aTOXINA | ||
| 650 | _aANÁLISE MICROBIOLÓGICA | ||
| 650 | _aREFRIGERAÇÃO | ||
| 773 | 0 |
_tArquivo Brasileiro de Medicina Veterinária e Zootecnia (Brazil) _xISSN 1678-4162 _g(Oct 2005), v. 57(5) p. 702-709 _wBR0700795 |
|
| 909 |
_a202311 _bLúcia _c55 _dLúcia Elande |
||
| 942 |
_2AGRIS _n0 _cANA |
||
| 999 |
_c187950 _d187950 |
||